| 000 | 00452nam a2200157Ia 4500 | ||
|---|---|---|---|
| 005 | 20250612154238.0 | ||
| 008 | 008 250505s9999 xx 000 0 eng d | ||
| 020 | _a9789393850522 | ||
| 040 |
_beng _cILCL |
||
| 041 |
_aeng _2eng |
||
| 100 |
_aPollock, Sir Frederick _9501353 |
||
| 245 | 4 | _aThe Expansion of the Common Law | |
| 260 |
_aDelhi _bLaw and Justice Publishing Company _c2023 |
||
| 300 | _avi,164p. | ||
| 942 |
_cTB _2Colon Classification |
||
| 999 |
_c1312032 _d1312032 |
||